| 000 | 00954cam a22003137a 4500 | ||
|---|---|---|---|
| 003 | CHAP | ||
| 005 | 20220329142337.0 | ||
| 008 | 000821d1998 us a r 00110 eng d | ||
| 010 | _a82080 | ||
| 011 | _a83052 | ||
| 020 | _a0890531949 | ||
| 035 | _a93560 | ||
| 040 | _cCHAP | ||
| 082 | 0 | 4 |
_a634.75 _bM31 1998 |
| 100 | 0 | 0 |
_aMaas, J. L. _eed. _969315 |
| 245 | 1 | 0 |
_aCompendium of strawberry diseases _c/ed. by J.L. Mass |
| 250 | _a2 ed. | ||
| 260 |
_aSt. Paul, Minn. ; _bAmerican Phytopathological Society. _c1998. |
||
| 300 |
_a98 p. : _bilus. |
||
| 490 | 0 | _aDisease compendium series | |
| 590 |
_aBATCH-UPD _b10 _c20130110 _lUCH01 _h0827 |
||
| 590 |
_aCONVERSION _b10 _c20130109 _lUCH01 _h1346 |
||
| 650 | 1 | 4 |
_aFresa _xEnfermedades. _943202 |
| 830 | 0 |
_aDisease compendium series _932720 |
|
| 901 | _aBK | ||
| 905 | _aMayto Villalobos S. | ||
| 942 | _cLIBRO | ||
| 949 |
_a634.75 M31 1998 _bBC _cC _d33724002202025 _eC _gI.205567 _h97912 _i93560 _si _t$532.00 |
||
| 999 |
_c82080 _d82080 |
||